| 000 | 00625nam a2200205Ia 4500 | ||
|---|---|---|---|
| 003 | OSt | ||
| 005 | 20250904133748.0 | ||
| 008 | 221006b |||||||| |||| 00| 0 eng d | ||
| 020 | _a0415307384 | ||
| 037 | _cAnnuals, Advances | ||
| 040 |
_aEASL _cEASL _beng |
||
| 041 |
_2eng _aeng |
||
| 100 |
_aWang Ya Ping Au. _9664951 |
||
| 245 | 0 | _aUrban poverty,housing and social change in China | |
| 260 |
_aLondon _bRoutledge _c2004 |
||
| 300 |
_ax,182p. _ccm. |
||
| 490 |
_v CEL _aHousing and Society Series |
||
| 942 |
_hY33:434.41, P4 _cTEXL _2CC _n0 |
||
| 999 |
_c1101139 _d1101139 |
||